000 00371nam a2200145Ia 4500
008 090124s9999 xx 000 0 und d
082 _b402078
245 _a जेल फरार
250 _a1
260 _bकेळकर इंदुमति
_c1987
300 _a68
630 _a जेल फरार
730 _a जेल फरार
942 _cBOOK
999 _c198538
_d198538